Aplikácia konvencií IERS 2003 v astronomických výpočtoch

Saved in:
Bibliographic Details
Main Author: Hruška, Michal, 1985- (Author)
Other Authors: Husár, Ladislav, 1952- (Thesis advisor)
Format: Manuscript Book
Language:Slovak
Published: Bratislava : STU v Bratislave SvF, 2011
Subjects:
Online Access:VAIS
Tags: Add Tag
No Tags, Be the first to tag this record!

MARC

LEADER 00000ntm a22000003a 4500
001 stu230092
005 20150617230139.4
008 110708s2011----xo------------------slo-d
040 |a STU  |b slo 
041 0 |a slo 
044 |a xo 
100 1 |a Hruška, Michal,  |d 1985-  |4 aut  |u V  |T SvF Stavebná fakulta  |X 10638  |U V  |Y 10  |7 A000010638 
242 0 0 |a Application of IERS Conventions 2003 in astronomical calculations  |y eng 
245 1 |a Aplikácia konvencií IERS 2003 v astronomických výpočtoch 
260 |a Bratislava :  |b STU v Bratislave SvF,  |c 2011 
650 7 |a geodézia a kartografia  |2 stusub 
650 7 |a Geodesy and Cartography  |2 estusub 
700 1 |a Husár, Ladislav,  |d 1952-  |4 ths  |u V130  |U SvF Stavebná fakulta  |T SvF Katedra geodetických základov  |X 898  |U V130  |Y 13  |7 A000000898 
856 4 |a info a plný text  |u http://is.stuba.sk/zp/portal_zp.pl?podrobnosti=62908  |3 VAIS